|
|
|
|
| LEADER |
01122nam a2200265 a 4500 |
| 001 |
11601 |
| 003 |
BD-DhAAL |
| 008 |
090430s1994 paua b 001 0 eng d |
| 999 |
|
|
|c 295
|d 295
|
| 010 |
|
|
|a 94010899
|
| 020 |
|
|
|a 0812232216 (cloth)
|
| 020 |
|
|
|a 0812215281 (paper)
|
| 040 |
|
|
|a DLC
|c DLC
|d DLC
|d BD-DhAAL
|
| 082 |
0 |
0 |
|a 618.17800962
|2 20
|
| 100 |
1 |
|
|a Inhorn, Marcia Claire,
|d 1957-
|9 41611
|
| 245 |
1 |
0 |
|a Quest for conception :
|b gender, infertility, and Egyptian medical traditions /
|c Marcia C. Inhorn.
|
| 260 |
|
|
|a Philadelphia :
|b University of Pennsylvania Press,
|c c1994.
|
| 300 |
|
|
|a xxvii, 441 pages :
|b illustrations ;
|c 24 cm.
|
| 504 |
|
|
|a Includes bibliographical references (pages [401]-428) and index.
|
| 541 |
1 |
|
|e 11601
|
| 650 |
|
0 |
|a Infertility, Female
|x Treatment
|z Egypt.
|9 41612
|
| 650 |
|
0 |
|a Traditional medicine
|z Egypt.
|9 41613
|
| 852 |
|
|
|a Ayesha Abed Library
|c General Stacks
|
| 942 |
|
|
|2 ddc
|c BK
|
| 952 |
|
|
|0 0
|1 0
|2 ddc
|4 0
|6 618_178009620000000_INH_1994
|7 0
|9 272
|a BRACUL
|b BRACUL
|c GEN
|d 2009-04-30
|g 0.00
|l 0
|o 618.17800962 INH
|p 3010011601
|r 2009-04-30
|t 1
|w 2009-04-30
|y BK
|x No price found in the accession register.
|